Giáo trình Cấu tạo kiến trúc công trình dân dụng /

Gồm 2 phần. Phần A: Giới thiệu; Phần B: Cấu tạo nhà dân dụng

Αποθηκεύτηκε σε:
Λεπτομέρειες βιβλιογραφικής εγγραφής
Κύριος συγγραφέας: Võ, Huy Dũng
Μορφή: Βιβλίο
Γλώσσα:Undetermined
Έκδοση: H. Xây dựng 2019
Θέματα:
Διαθέσιμο Online:http://lrc.tdmu.edu.vn/opac/search/detail.asp?aID=2&ID=39733
Ετικέτες: Προσθήκη ετικέτας
Δεν υπάρχουν, Καταχωρήστε ετικέτα πρώτοι!
Thư viện lưu trữ: Trung tâm Học liệu Trường Đại học Thủ Dầu Một
LEADER 00753nam a2200205Ia 4500
001 TDMU_39733
008 210410s9999 xx 000 0 und d
082 |a 615.19 
090 |b V400 
100 |a Võ, Huy Dũng 
245 0 |a Giáo trình Cấu tạo kiến trúc công trình dân dụng / 
245 0 |c Võ Huy Dũng 
260 |a H. 
260 |b Xây dựng 
260 |c 2019 
300 |a 146tr. 
520 |a Gồm 2 phần. Phần A: Giới thiệu; Phần B: Cấu tạo nhà dân dụng 
650 |a Công trình dân dụng  |x Cấu tạo  |x Kiến trúc 
856 |u http://lrc.tdmu.edu.vn/opac/search/detail.asp?aID=2&ID=39733 
980 |a Trung tâm Học liệu Trường Đại học Thủ Dầu Một